Statistics for The Sidemen

Click here to take the quiz!

General Stats

  • This quiz has been taken 5,916 times
  • The average score is 7 of 7

Answer Stats

HintAnswer% Correct
BlackKSI
100%
LaughBehzinga
99%
Red Haired LesbianMiniminter
99%
Black GoalieTBJZL
99%
Chair BreakerW2S
99%
BeardZerkaa
99%
AsianVikkstar123
96%

Score Distribution

Percentile by Number Answered

Percent of People with Each Score

Your Score History

You have not taken this quiz